[Event "European Women-ch 2023"]
[Site "Petrovac"]
[Date "2023.03.26"]
[Round "8.7"]
[White "Buksa, Nataliya"]
[Black "Mkrtchian, Lilit"]
[Result "1/2-1/2"]
[WhiteElo "2405"]
[BlackElo "2379"]
[Annotator "TA"]
[PlyCount "99"]
[EventDate "2023.03.15"]
[EventType "swiss"]
[EventCountry "MNE"]
[SourceTitle "playchess.com"]
[Source "ChessBase"]
[SourceQuality "1"]

1. e4 c6 2. Nf3 d5 3. e5 Bg4 4. Be2 e6 5. O-O c5 6. c4 dxc4 7. Na3 Nc6 8. Nxc4 Nh6 9. d4 Nf5 10. Bg5 Be7 11. Bxe7 Qxe7 12. dxc5 Qxc5 13. Rc1 O-O 14. Nfd2 Bxe2 15. Qxe2 Rad8 16. Ne4 Qb5 17. f4 Rd4 18. b3 Nb4 19. Rc3 Qd5 20. Ncd6 Nxd6 21. Nxd6 Rd2 22. Qf3 Qxf3 23. Rcxf3 f6 24. Nxb7 fxe5 25. fxe5 Rxf3 26. Rxf3 Nd3 27. h3 Nxe5 28. Re3 Ng6 29. Nc5 Rxa2 30. Nxe6 Nh4 31. g3 Nf5 32. Rf3 Ra6 33. Ng5 Ra1+ 34. Kf2 Ra2+ 35. Ke1 g6 36. Rd3 h6 37. Ne4 Kf7 38. Nd2 h5 39. Ke2 Ke6 40. Kf3 Ke5 41. Nc4+ Kf6 42. g4 hxg4+ 43. hxg4 Ng7 44. Rd6+ Ne6 45. g5+ Ke7 46. Rd5 Ra1 47. Nd2 Rd1 48. Ke3 Re1+ 49. Kf3 Rd1 50. Ke3 1/2-1/2

[Event "European Women-ch 2023"]
[Site "Petrovac"]
[Date "2023.03.26"]
[Round "8.7"]
[White "Mammadova, Gulnar"]
[Black "Eric, Jovana"]
[Result "1/2-1/2"]
[WhiteElo "2358"]
[BlackElo "2230"]
[Annotator "TA"]
[PlyCount "75"]
[EventDate "2023.03.15"]
[EventType "swiss"]
[EventCountry "MNE"]
[SourceTitle "playchess.com"]
[Source "ChessBase"]
[SourceQuality "1"]

1. c4 e5 2. g3 Nf6 3. Bg2 Nc6 4. Nc3 Bb4 5. Nd5 Be7 6. e3 O-O 7. Ne2 d6 8. O-O Re8 9. d3 Bf8 10. Rb1 a5 11. Nec3 Nxd5 12. cxd5 Ne7 13. d4 Nf5 14. dxe5 dxe5 15. b3 Nd6 16. Bb2 Bd7 17. e4 Nb5 18. Ne2 Bc5 19. Kh1 Bg4 20. f3 Bh5 21. a4 Nd6 22. Qc2 Bb6 23. Nc1 Bg6 24. Nd3 f6 25. Rbe1 c6 26. dxc6 Rc8 27. Qd1 Rxc6 28. f4 Nf7 29. Qb1 Rd6 30. Nc1 exf4 31. gxf4 Rd2 32. Bc3 Rf2 33. Rxf2 Bxf2 34. Rf1 Be3 35. Ne2 Nd6 36. f5 Bf7 37. Ng3 Qb6 38. b4 1/2-1/2

[Event "European Women-ch 2023"]
[Site "Petrovac"]
[Date "2023.03.26"]
[Round "8.7"]
[White "Tsirulnik, Maritsa"]
[Black "Pirvulescu, Ekaterina"]
[Result "1/2-1/2"]
[WhiteElo "2121"]
[BlackElo "2032"]
[Annotator "TA"]
[PlyCount "52"]
[EventDate "2023.03.15"]
[EventType "swiss"]
[EventCountry "MNE"]
[SourceTitle "playchess.com"]
[Source "ChessBase"]
[SourceQuality "1"]

1. d4 d5 2. c4 dxc4 3. Nf3 Nf6 4. Qa4+ Nc6 5. Nc3 Bd7 6. Qxc4 e6 7. e4 Nb4 8. Qb3 c5 9. e5 Nfd5 10. dxc5 Bxc5 11. a3 Nc6 12. Ne4 Qb6 13. Qc2 Be7 14. Bd3 Nd4 15. Qd1 Nb3 16. Rb1 Nxc1 17. Qxc1 Rc8 18. Qd2 Bb5 19. O-O Bxd3 20. Qxd3 h6 21. Rfd1 O-O 22. Nd4 Rfd8 23. Qg3 Rc4 24. Qd3 Rcc8 25. Qg3 Rc4 26. Qd3 Rcc8 1/2-1/2

[Event "European Women-ch 2023"]
[Site "Petrovac"]
[Date "2023.03.26"]
[Round "8.8"]
[White "Narva, Mai"]
[Black "Savina, Anastasia"]
[Result "0-1"]
[WhiteElo "2389"]
[BlackElo "2345"]
[Annotator "TA"]
[PlyCount "142"]
[EventDate "2023.03.15"]
[EventType "swiss"]
[EventCountry "MNE"]
[SourceTitle "playchess.com"]
[Source "ChessBase"]
[SourceQuality "1"]

1. e4 e5 2. Nf3 Nc6 3. Bb5 Nf6 4. O-O Nxe4 5. Re1 Nd6 6. a4 Be7 7. Nc3 a6 8. Bf1 e4 9. Nxe4 Nxe4 10. Rxe4 d5 11. Re1 d4 12. Bd3 O-O 13. Be4 Bd7 14. d3 Bf6 15. Bf4 a5 16. Qd2 Ra6 17. c3 Bc8 18. Rac1 dxc3 19. bxc3 Ne7 20. d4 Nd5 21. Bg3 c6 22. c4 Nb4 23. d5 c5 24. Qe3 b6 25. Bb1 g6 26. h4 Ra7 27. Qf4 Bd7 28. Ne5 Bxa4 29. Ng4 Bb2 30. h5 f5 31. Qd2 Bg7 32. Nh6+ Kh8 33. Re6 f4 34. Bxf4 Qh4 35. Bd6 Qxh5 36. Bxf8 Bxf8 37. Rxb6 Qxh6 38. Qc3+ Kg8 39. Re1 Rf7 40. Qg3 Nc2 41. Bxc2 Bxc2 42. d6 Qd2 43. Re5 h5 44. Rd5 Qe1+ 45. Kh2 h4 46. Qe3 Qxe3 47. fxe3 Rd7 48. Kh3 a4 49. Kxh4 a3 50. Ra6 Bb1 51. Rxa3 Bxd6 52. Ra6 Be7+ 53. Kg3 Rb7 54. Kf3 Kf7 55. e4 Rb3+ 56. Kf4 g5+ 57. Kf5 Rb2 58. Ra7 Rf2+ 59. Ke5 Re2 60. Rxc5 Bxe4 61. g3 Bb7+ 62. Kd4 Re4+ 63. Kd3 Bxc5 64. Rxb7+ Re7 65. Rb5 Re5 66. g4 Ke6 67. Ra5 Re3+ 68. Kc2 Kd6 69. Ra8 Re4 70. Rd8+ Ke6 71. Rd5 Rxc4+ 0-1

[Event "European Women-ch 2023"]
[Site "Petrovac"]
[Date "2023.03.26"]
[Round "8.8"]
[White "Mamedjarova, Turkan"]
[Black "Cyfka, Karina"]
[Result "1/2-1/2"]
[WhiteElo "2229"]
[BlackElo "2350"]
[Annotator "TA"]
[PlyCount "63"]
[EventDate "2023.03.15"]
[EventType "swiss"]
[EventCountry "MNE"]
[SourceTitle "playchess.com"]
[Source "ChessBase"]
[SourceQuality "1"]

1. d4 Nf6 2. c4 e6 3. a3 b6 4. Bf4 Bb7 5. e3 d6 6. h3 Nbd7 7. Nf3 g6 8. Be2 Bg7 9. Nc3 O-O 10. O-O Re8 11. Qc2 e5 12. dxe5 dxe5 13. Bg5 Qc8 14. Rfd1 e4 15. Nd4 a6 16. Rac1 h6 17. Bf4 Ne5 18. Nd5 Qd8 19. Nxf6+ Qxf6 20. c5 Bd5 21. Nb5 axb5 22. Rxd5 Nd3 23. Bxd3 exd3 24. Qxd3 Qxb2 25. Rb1 Rxa3 26. Qd1 Qf6 27. cxb6 cxb6 28. Rdxb5 Re6 29. Qd5 Ra1 30. Rxa1 Qxa1+ 31. Kh2 Qf6 32. Qb7 1/2-1/2

[Event "European Women-ch 2023"]
[Site "Petrovac"]
[Date "2023.03.26"]
[Round "8.8"]
[White "Dwilewicz, Katarzyna"]
[Black "Lomaia, Diana"]
[Result "1/2-1/2"]
[WhiteElo "2114"]
[BlackElo "1950"]
[Annotator "TA"]
[PlyCount "103"]
[EventDate "2023.03.15"]
[EventType "swiss"]
[EventCountry "MNE"]
[SourceTitle "playchess.com"]
[Source "ChessBase"]
[SourceQuality "1"]

1. e4 c5 2. Nf3 e6 3. d4 cxd4 4. Nxd4 Nc6 5. Nc3 Qc7 6. g3 a6 7. Bg2 d6 8. Nxc6 bxc6 9. O-O Be7 10. b3 Bb7 11. Bb2 Nf6 12. Qe2 O-O 13. Na4 d5 14. exd5 cxd5 15. c4 Bc6 16. Rac1 Qb7 17. Rfd1 dxc4 18. Bxc6 Qxc6 19. Rxc4 Qb5 20. Nc3 Qb7 21. Ne4 Nxe4 22. Qxe4 Qxe4 23. Rxe4 Rfd8 24. Rxd8+ Rxd8 25. Rd4 Rc8 26. Rd7 Bc5 27. Bd4 Bxd4 28. Rxd4 g6 29. Kf1 Kg7 30. Ke2 Rc2+ 31. Rd2 Rc5 32. b4 Rc3 33. a4 Rb3 34. Rd6 Rxb4 35. Rxa6 Rb2+ 36. Ke3 Kf6 37. h4 h5 38. a5 Ra2 39. Ra7 Ra4 40. Kd3 Ra2 41. Ke3 Ra4 42. a6 Ra2 43. Ra8 Ra4 44. Kd3 Kf5 45. f3 e5 46. a7 Ra1 47. Kc4 Ra2 48. Kc5 Ra1 49. Kb6 Rb1+ 50. Kc7 Ra1 51. Kd7 Kf6 52. Kd6 1/2-1/2

[Event "European Women-ch 2023"]
[Site "Petrovac"]
[Date "2023.03.26"]
[Round "8.9"]
[White "Daulyte-Cornette, Deimante"]
[Black "Beydullayeva, Govhar"]
[Result "1-0"]
[WhiteElo "2344"]
[BlackElo "2388"]
[Annotator "TA"]
[PlyCount "75"]
[EventDate "2023.03.15"]
[EventType "swiss"]
[EventCountry "MNE"]
[SourceTitle "playchess.com"]
[Source "ChessBase"]
[SourceQuality "1"]

1. e4 c5 2. Nf3 d6 3. d4 cxd4 4. Nxd4 Nf6 5. Nc3 a6 6. Qd3 Nc6 7. Bg5 Ng4 8. Nxc6 bxc6 9. h3 Ne5 10. Qd2 h6 11. Be3 g5 12. f3 Bg7 13. O-O-O Qa5 14. h4 Rb8 15. a3 c5 16. hxg5 hxg5 17. Rxh8+ Bxh8 18. Bxg5 Qb6 19. b3 Qa5 20. Nb1 Qc7 21. f4 Nc6 22. Bc4 Na5 23. Qe2 Nxc4 24. Qxc4 Be6 25. Qe2 c4 26. Rh1 Bd4 27. f5 Qc5 28. e5 Bc8 29. Rh8+ Kd7 30. e6+ fxe6 31. Qxe6+ Kc7 32. Qxe7+ Kb6 33. b4 Qd5 34. Be3 Rb7 35. Bxd4+ Qxd4 36. Qd8+ Rc7 37. Rh7 Qe3+ 38. Kb2 1-0

[Event "European Women-ch 2023"]
[Site "Petrovac"]
[Date "2023.03.26"]
[Round "8.9"]
[White "Rudzinska, Michalina"]
[Black "Heinemann, Josefine"]
[Result "1-0"]
[WhiteElo "2212"]
[BlackElo "2343"]
[Annotator "TA"]
[PlyCount "119"]
[EventDate "2023.03.15"]
[EventType "swiss"]
[EventCountry "MNE"]
[SourceTitle "playchess.com"]
[Source "ChessBase"]
[SourceQuality "1"]

1. e4 c5 2. Nf3 d6 3. d4 cxd4 4. Nxd4 Nf6 5. Nc3 a6 6. Be2 e5 7. Nf3 Be7 8. Bg5 Be6 9. Bxf6 Bxf6 10. O-O O-O 11. Nd5 Nd7 12. Bc4 Nc5 13. Nxf6+ Qxf6 14. Bd5 Bg4 15. h3 Bh5 16. Re1 Rab8 17. Re3 Ne6 18. Bxe6 Qxe6 19. Qd2 Rbc8 20. c3 h6 21. Nh4 Bg6 22. Nxg6 Qxg6 23. Rd1 Rc6 24. Qd5 Rfc8 25. Rg3 Qe6 26. Rgd3 Qe7 27. Qb3 R8c7 28. f3 g6 29. Qb4 Rd7 30. c4 h5 31. b3 h4 32. Qd2 Kg7 33. Rd5 b6 34. f4 exf4 35. Qxf4 Rd8 36. R1d4 a5 37. Qd2 Re8 38. Qf4 Rd8 39. Qd2 Re8 40. Qd3 Qf6 41. Rxd6 Rxd6 42. Rxd6 Qa1+ 43. Qf1 Qe5 44. Rd7 Rf8 45. Qe1 Qf4 46. e5 Re8 47. Rd5 a4 48. Qf2 Qc1+ 49. Kh2 axb3 50. axb3 Qc3 51. Qxh4 Rxe5 52. Rd6 Re3 53. Qf4 Re7 54. Rxb6 Rd7 55. Rb5 Re7 56. Qd6 Re1 57. Rb8 Qe3 58. Qf8+ Kf6 59. Qd8+ Kf5 60. Rb5+ 1-0

[Event "European Women-ch 2023"]
[Site "Petrovac"]
[Date "2023.03.26"]
[Round "8.9"]
[White "Berke, Ana"]
[Black "Makka, Ioulia"]
[Result "1-0"]
[WhiteElo "2107"]
[BlackElo "1949"]
[Annotator "TA"]
[PlyCount "141"]
[EventDate "2023.03.15"]
[EventType "swiss"]
[EventCountry "MNE"]
[SourceTitle "playchess.com"]
[Source "ChessBase"]
[SourceQuality "1"]

1. e4 c6 2. d4 d5 3. exd5 cxd5 4. c4 Nf6 5. Nc3 g6 6. Qb3 Bg7 7. cxd5 O-O 8. Be2 Nbd7 9. Bf3 Nb6 10. Nge2 a5 11. Bg5 a4 12. Qb5 h6 13. Bxf6 Bxf6 14. O-O Bg7 15. Rfd1 Re8 16. Rac1 Bd7 17. Qd3 Bf5 18. Qb5 Bd7 19. Qb4 Bf8 20. d6 exd6 21. d5 Ra6 22. Qf4 Qg5 23. Qb4 Qd8 24. Nd4 Na8 25. Ne4 Rb6 26. Qc3 Bg7 27. Qa3 Qb8 28. h3 Ra6 29. h4 f5 30. Ng3 Rf8 31. Qd3 Nc7 32. Re1 h5 33. Ne6 Nxe6 34. dxe6 Be8 35. Qc4 Kh7 36. e7 Rh8 37. Qe6 Ra8 38. Rc2 Be5 39. Nf1 Qa7 40. Rec1 Rb8 41. Rc8 Rxc8 42. Rc2 Rc7 43. Rxc7 Kg7 44. Rc8 Kh6 45. Bd5 Qa6 46. Ne3 Qa5 47. Nxf5+ Kh7 48. Ne3 Qb5 49. g4 Qd7 50. Qxd7 Bxd7 51. Rxh8+ Bxh8 52. Bf7 hxg4 53. Nxg4 Bxb2 54. e8=Q Bxe8 55. Bxe8 a3 56. Bf7 Kg7 57. Bd5 b5 58. Kg2 Kf8 59. Kf3 Ke7 60. Ke4 Bh8 61. Kf4 Kf8 62. Kg5 Bc3 63. Kxg6 Bh8 64. f4 Ke7 65. f5 Kf8 66. h5 Ke7 67. h6 Kf8 68. f6 b4 69. Kh7 b3 70. Bxb3 Bxf6 71. Nxf6 1-0

[Event "European Women-ch 2023"]
[Site "Petrovac"]
[Date "2023.03.26"]
[Round "8.10"]
[White "Garcia Martin, Marta"]
[Black "Sieber, Fiona"]
[Result "0-1"]
[WhiteElo "2306"]
[BlackElo "2217"]
[Annotator "TA"]
[PlyCount "60"]
[EventDate "2023.03.15"]
[EventType "swiss"]
[EventCountry "MNE"]
[SourceTitle "playchess.com"]
[Source "ChessBase"]
[SourceQuality "1"]

1. e4 e5 2. Nf3 Nc6 3. Bc4 Nf6 4. d3 h6 5. O-O d6 6. a4 g6 7. Nc3 Bg7 8. a5 O-O 9. a6 b6 10. h3 Na5 11. Ba2 c5 12. Bc4 Be6 13. Bb5 Qc7 14. Nh2 d5 15. Ng4 Nxg4 16. exd5 Nxf2 17. Rxf2 Bf5 18. Ne4 Rad8 19. c4 Bc8 20. Bd2 f5 21. Nc3 e4 22. Bf4 Be5 23. Bxe5 Qxe5 24. Re2 e3 25. Re1 f4 26. Qf3 Nb3 27. Rad1 Nd4 28. Qe4 Qg5 29. Kh1 f3 30. g4 e2 0-1

[Event "European Women-ch 2023"]
[Site "Petrovac"]
[Date "2023.03.26"]
[Round "8.10"]
[White "Unuk, Laura"]
[Black "Guichard, Pauline"]
[Result "0-1"]
[WhiteElo "2297"]
[BlackElo "2379"]
[Annotator "TA"]
[PlyCount "106"]
[EventDate "2023.03.15"]
[EventType "swiss"]
[EventCountry "MNE"]
[SourceTitle "playchess.com"]
[Source "ChessBase"]
[SourceQuality "1"]

1. d4 Nf6 2. c4 e6 3. Nf3 d5 4. Nc3 dxc4 5. e4 b5 6. e5 Nd5 7. Nxb5 Nb6 8. a3 Qd7 9. Nc3 Nc6 10. Be3 Bb7 11. Qc2 Na5 12. Be2 Be7 13. h4 f5 14. exf6 gxf6 15. Rd1 O-O-O 16. Ne4 Qc6 17. Nc5 Bxc5 18. dxc5 Nd5 19. Bd2 Nb3 20. Qxc4 Nxd2 21. Rxd2 e5 22. b4 a6 23. g3 Rd7 24. h5 Rhd8 25. Rh4 Ne7 26. Rxd7 Qxd7 27. h6 Kb8 28. Rh5 e4 29. Ng1 Qd2+ 30. Kf1 Rd4 31. Qe6 Qc1+ 32. Kg2 e3+ 33. f3 Nd5 34. Bxa6 Rd2+ 35. Ne2 Qe1 36. Qe8+ Ka7 37. Bxb7 Qxe2+ 38. Kh3 Qf1+ 39. Kg4 Qc4+ 40. Kh3 Qf1+ 41. Kg4 Qc4+ 42. f4 Kxb7 43. Rh1 e2 44. Re1 Nc3 45. Rc1 Rd1 46. Rxc3 e1=Q 47. c6+ Ka7 48. Re3 Qd2 49. Re7 Qd8 50. Qxd8 Rxd8 51. Rxc7+ Kb6 52. Rxh7 Qe6+ 53. Kh4 Rd1 0-1

[Event "European Women-ch 2023"]
[Site "Petrovac"]
[Date "2023.03.26"]
[Round "8.10"]
[White "Ter-Avetisjana, Agnesa Stepania"]
[Black "Makropoulou, Marina"]
[Result "1/2-1/2"]
[WhiteElo "1974"]
[BlackElo "2102"]
[Annotator "TA"]
[PlyCount "92"]
[EventDate "2023.03.15"]
[EventType "swiss"]
[EventCountry "MNE"]
[SourceTitle "playchess.com"]
[Source "ChessBase"]
[SourceQuality "1"]

1. d4 Nf6 2. Nf3 e6 3. Bf4 d5 4. e3 Bd6 5. Bg3 O-O 6. c4 c5 7. Nc3 a6 8. dxc5 Bxc5 9. cxd5 exd5 10. Be2 Nc6 11. O-O h6 12. Rc1 Ba7 13. Ne5 Re8 14. Nxc6 bxc6 15. Na4 Bd7 16. Nc5 Bxc5 17. Rxc5 Ne4 18. Rc2 Nxg3 19. hxg3 Qb6 20. Qd3 a5 21. Bf3 Rab8 22. Rd1 Qb4 23. e4 dxe4 24. Qxd7 exf3 25. gxf3 Re6 26. b3 Qb5 27. Rc4 Rbe8 28. Kg2 Qb6 29. Rdd4 R8e7 30. Qd8+ Qxd8 31. Rxd8+ Kh7 32. Rd2 Rb7 33. Rdc2 Rb6 34. f4 Rd6 35. Kf3 Kg6 36. Ke3 Kf6 37. R2c3 Ke6 38. Re4+ Kd7 39. Rc5 Rd5 40. Rxd5+ cxd5 41. Ra4 Rb5 42. Kd4 Kd6 43. a3 Rc5 44. Kd3 Rb5 45. b4 axb4 46. axb4 Rb6 1/2-1/2

[Event "European Women-ch 2023"]
[Site "Petrovac"]
[Date "2023.03.26"]
[Round "8.11"]
[White "Efroimski, Marsel"]
[Black "Mkrtchyan, Mariam"]
[Result "1/2-1/2"]
[WhiteElo "2451"]
[BlackElo "2343"]
[Annotator "TA"]
[PlyCount "138"]
[EventDate "2023.03.15"]
[EventType "swiss"]
[EventCountry "MNE"]
[SourceTitle "playchess.com"]
[Source "ChessBase"]
[SourceQuality "1"]

1. e4 e5 2. Nf3 Nc6 3. Bb5 a6 4. Ba4 Nf6 5. O-O Be7 6. d3 b5 7. Bb3 d6 8. a4 Na5 9. Ba2 b4 10. Nbd2 O-O 11. Nc4 Nxc4 12. Bxc4 a5 13. d4 Bb7 14. dxe5 Nxe4 15. Bd5 Qc8 16. Re1 Nc5 17. Be3 Ne6 18. Bxb7 Qxb7 19. exd6 Bxd6 20. Qd3 Rfd8 21. Qc4 Be7 22. Bf4 Qd5 23. Qxd5 Rxd5 24. Be5 Rad8 25. b3 h5 26. h4 Bf6 27. Bxf6 gxf6 28. Kf1 Rc5 29. Re2 Rd6 30. Ne1 Nd4 31. Re8+ Kg7 32. Ra8 Ne6 33. Rb8 Rdd5 34. g3 c6 35. Ra8 Rd2 36. Rc1 Nd4 37. Rd8 Rf5 38. f4 Nxb3 39. Rxd2 Nxd2+ 40. Ke2 Ne4 41. c4 bxc3 42. Ke3 Nc5 43. Rxc3 Nxa4 44. Rxc6 Rb5 45. Nd3 Nb6 46. Kd2 a4 47. Kc2 Nd5 48. Ra6 Nb4+ 49. Nxb4 Rxb4 50. Kc3 Rb3+ 51. Kd4 a3 52. Ke4 Rxg3 53. Kf5 Rb3 54. Ra5 Rc3 55. Ra4 Rc5+ 56. Ke4 Rc3 57. Kf5 Re3 58. Ra6 Rb3 59. Ra5 Rh3 60. Ra8 Rxh4 61. Rxa3 Rh1 62. Rg3+ Kh6 63. Kxf6 Rf1 64. f5 h4 65. Rg8 Kh5 66. Rg5+ Kh6 67. Rg8 Kh5 68. Rg5+ Kh6 69. Rg8 Kh5 1/2-1/2

[Event "European Women-ch 2023"]
[Site "Petrovac"]
[Date "2023.03.26"]
[Round "8.11"]
[White "Chelushkina, Irina"]
[Black "Zimina, Olga"]
[Result "1-0"]
[WhiteElo "2207"]
[BlackElo "2295"]
[Annotator "TA"]
[PlyCount "135"]
[EventDate "2023.03.15"]
[EventType "swiss"]
[EventCountry "MNE"]
[SourceTitle "playchess.com"]
[Source "ChessBase"]
[SourceQuality "1"]

1. d4 Nf6 2. Nf3 e6 3. e3 b6 4. Bd3 Bb7 5. Nbd2 c5 6. O-O Be7 7. b3 cxd4 8. exd4 O-O 9. Bb2 d6 10. Re1 Nbd7 11. c4 Re8 12. a4 a5 13. Nb1 d5 14. Ne5 dxc4 15. bxc4 Nxe5 16. Rxe5 Bd6 17. Re3 Bf4 18. Rh3 e5 19. Na3 e4 20. Bf1 e3 21. fxe3 Rxe3 22. Bc1 Qe7 23. Nc2 Rxh3 24. Bxf4 Qe4 25. Qd2 Rc3 26. Qxc3 Qxf4 27. Qe3 Qd6 28. Re1 Bc6 29. Qa3 Qf4 30. g3 Qf5 31. Ne3 Qd7 32. d5 Bxa4 33. Rb1 Rb8 34. c5 Nxd5 35. Nxd5 Qxd5 36. Qxa4 Qxc5+ 37. Kh1 h5 38. Qc4 Qe5 39. Rb5 Qe1 40. Qf4 Qe8 41. Rxh5 Rc8 42. Qh4 Qc6+ 43. Kg1 f6 44. Rh8+ Kf7 45. Rxc8 Qxc8 46. Bc4+ Ke7 47. Qe4+ Kd6 48. Qd5+ Kc7 49. Kf2 Qd8 50. Qxd8+ Kxd8 51. Ke3 Ke7 52. Bb5 Ke6 53. Ke4 Kd6 54. Kd4 Ke6 55. g4 Kd6 56. h4 Ke6 57. h5 f5 58. g5 f4 59. Ke4 f3 60. Bc4+ Ke7 61. Kxf3 Kf8 62. Ke4 b5 63. Bxb5 Kg8 64. g6 Kh8 65. Kf5 Kg8 66. Kg5 Kh8 67. h6 Kg8 68. hxg7 1-0

[Event "European Women-ch 2023"]
[Site "Petrovac"]
[Date "2023.03.26"]
[Round "8.11"]
[White "Pavlidou, Ekaterini"]
[Black "Silva, Mariana Sofia T."]
[Result "0-1"]
[WhiteElo "2178"]
[BlackElo "1920"]
[Annotator "TA"]
[PlyCount "72"]
[EventDate "2023.03.15"]
[EventType "swiss"]
[EventCountry "MNE"]
[SourceTitle "playchess.com"]
[Source "ChessBase"]
[SourceQuality "1"]

1. d4 d5 2. c4 e6 3. Nc3 Nf6 4. cxd5 exd5 5. Bg5 c6 6. e3 h6 7. Bh4 Be7 8. Bd3 O-O 9. Qc2 Re8 10. Nf3 Ne4 11. Bxe7 Qxe7 12. Bxe4 dxe4 13. Nd2 f5 14. O-O Be6 15. f3 exf3 16. Rxf3 Nd7 17. Re1 Qh4 18. Qc1 Rad8 19. Nf1 Nf6 20. Ng3 c5 21. Rf4 Ng4 22. Nf1 cxd4 23. exd4 Rxd4 24. g3 Qd8 25. Rf3 Qb6 26. Ne3 Ne5 27. Rf2 Nd3 28. Qd2 Nxe1 29. Qxe1 Bf7 30. Qc1 Rd3 31. Nxf5 Rf3 32. Qc2 Bg6 33. g4 Qxf2+ 34. Qxf2 Rxf2 35. Kxf2 Bxf5 36. gxf5 Re5 0-1

[Event "European Women-ch 2023"]
[Site "Petrovac"]
[Date "2023.03.26"]
[Round "8.12"]
[White "Milliet, Sophie"]
[Black "Zhukova, Natalia"]
[Result "1/2-1/2"]
[WhiteElo "2404"]
[BlackElo "2322"]
[Annotator "TA"]
[PlyCount "93"]
[EventDate "2023.03.15"]
[EventType "swiss"]
[EventCountry "MNE"]
[SourceTitle "playchess.com"]
[Source "ChessBase"]
[SourceQuality "1"]

1. e4 e5 2. Nf3 Nc6 3. Bb5 a6 4. Ba4 Nf6 5. O-O b5 6. Bb3 Bc5 7. a4 Rb8 8. Nxe5 Nxe5 9. d4 Bxd4 10. Qxd4 d6 11. f4 Nc6 12. Qc3 Ne7 13. Qd3 O-O 14. Nc3 c5 15. axb5 axb5 16. Nxb5 Nxe4 17. Qxe4 Rxb5 18. Ra7 Rxb3 19. cxb3 Nf5 20. Re1 Be6 21. Bd2 d5 22. Qe5 Qb6 23. Qc7 Qxb3 24. Qxc5 h5 25. Bc3 Rc8 26. Rc7 Rd8 27. Bd4 h4 28. Qc3 Rb8 29. Ba7 Qxc3 30. bxc3 Rb2 31. Bf2 Rc2 32. Rc5 Nd6 33. Bd4 h3 34. gxh3 Ne4 35. Rxe4 dxe4 36. f5 Bd7 37. h4 f6 38. h5 Rd2 39. h4 Rd3 40. h6 gxh6 41. Rd5 e3 42. Rxd7 Rd1+ 43. Kg2 e2 44. Re7 e1=Q 45. Rxe1 Rxe1 46. Bxf6 Re3 47. Bd4 1/2-1/2

[Event "European Women-ch 2023"]
[Site "Petrovac"]
[Date "2023.03.26"]
[Round "8.12"]
[White "Urh, Zala"]
[Black "Toncheva, Nadya"]
[Result "0-1"]
[WhiteElo "2294"]
[BlackElo "2192"]
[Annotator "TA"]
[PlyCount "92"]
[EventDate "2023.03.15"]
[EventType "swiss"]
[EventCountry "MNE"]
[SourceTitle "playchess.com"]
[Source "ChessBase"]
[SourceQuality "1"]

1. e4 c5 2. Nc3 Nc6 3. Nge2 e6 4. d4 cxd4 5. Nxd4 Qc7 6. Be3 a6 7. Qf3 Bd6 8. O-O-O Be5 9. Nxc6 bxc6 10. Bd4 Bxd4 11. Rxd4 Nf6 12. Qe3 O-O 13. e5 Nd5 14. Nxd5 exd5 15. Bd3 d6 16. Rh4 h6 17. f4 Re8 18. Re1 c5 19. c3 dxe5 20. fxe5 Qc6 21. Qg3 Ra7 22. Rf1 Kf8 23. Bg6 Be6 24. Rhf4 Ree7 25. Qf3 Qb6 26. g4 d4 27. g5 dxc3 28. Qxc3 hxg5 29. R4f2 Qb4 30. Qf3 Red7 31. Qc6 Qc4+ 32. Bc2 Qd5 33. Qb6 Qxe5 34. Bf5 Qe3+ 35. Kb1 Bxf5+ 36. Rxf5 Qd3+ 37. Kc1 Rab7 38. Qa5 Qe3+ 39. Kb1 Qe4+ 40. Kc1 Kg8 41. Qc3 Rd3 42. Qxc5 Rdd7 43. Re5 Qd3 44. Re8+ Kh7 45. Qf5+ Qxf5 46. Rxf5 Rbc7+ 0-1

[Event "European Women-ch 2023"]
[Site "Petrovac"]
[Date "2023.03.26"]
[Round "8.12"]
[White "Paasikangas, Johanna"]
[Black "Buchholz, Maja Patricia"]
[Result "1-0"]
[WhiteElo "2115"]
[BlackElo "1883"]
[Annotator "TA"]
[PlyCount "81"]
[EventDate "2023.03.15"]
[EventType "swiss"]
[EventCountry "MNE"]
[SourceTitle "playchess.com"]
[Source "ChessBase"]
[SourceQuality "1"]

1. e4 e6 2. d4 d5 3. Nd2 Nf6 4. e5 Nfd7 5. Bd3 c5 6. c3 Nc6 7. Ne2 cxd4 8. cxd4 f6 9. exf6 Nxf6 10. O-O Bd6 11. Nf3 Qc7 12. a3 O-O 13. Ng3 Bd7 14. b4 a6 15. Bg5 h6 16. Bd2 Be8 17. Rc1 Bf7 18. Re1 Kh8 19. Bb1 Qb6 20. Ne5 Nxd4 21. Nxf7+ Rxf7 22. Be3 e5 23. Nf5 Raf8 24. Nxd4 exd4 25. Bxd4 Qd8 26. Qd3 Ne4 27. Qh3 Qg5 28. Bxe4 dxe4 29. Qe6 Bf4 30. Rc8 Rxc8 31. Qxf7 Bd2 32. Qxb7 Bxe1 33. Qxc8+ Kh7 34. Qxa6 Qc1 35. Qf1 Qd2 36. Be3 Qc3 37. b5 Bd2 38. Bxd2 Qxd2 39. Qb1 Qd5 40. b6 Qb7 41. a4 1-0

[Event "European Women-ch 2023"]
[Site "Petrovac"]
[Date "2023.03.26"]
[Round "8.13"]
[White "Garifullina, Leya"]
[Black "Ovod, Evgenija"]
[Result "1-0"]
[WhiteElo "2372"]
[BlackElo "2305"]
[Annotator "TA"]
[PlyCount "121"]
[EventDate "2023.03.15"]
[EventType "swiss"]
[EventCountry "MNE"]
[SourceTitle "playchess.com"]
[Source "ChessBase"]
[SourceQuality "1"]

1. e4 e5 2. Nf3 Nc6 3. Bb5 a6 4. Ba4 Nf6 5. O-O Be7 6. Re1 b5 7. Bb3 d6 8. c3 O-O 9. h3 Re8 10. d4 Bb7 11. a3 h6 12. Ba2 Bf8 13. d5 Nb8 14. c4 bxc4 15. Bxc4 Nbd7 16. Nc3 Nb6 17. Ba2 a5 18. Be3 Ba6 19. Nd2 Nfd7 20. Rc1 Be7 21. Na4 Bg5 22. Nxb6 Nxb6 23. Bxg5 hxg5 24. Qh5 Na4 25. Nf3 f6 26. h4 g4 27. Qxg4 Nxb2 28. Bb1 Na4 29. h5 Re7 30. Nh4 Bc8 31. Qg6 Bd7 32. Re3 Be8 33. Qg4 Bd7 34. Nf5 Kf8 35. Rg3 Rf7 36. Qg6 Bxf5 37. Qxf5 Qd7 38. Qh7 Re8 39. Bd3 g5 40. Qh6+ Ke7 41. Rb1 Qc8 42. Be2 Nc5 43. Bg4 Qa6 44. Qg6 Qc4 45. Re3 Qc2 46. Ree1 Nd3 47. Rf1 Nf4 48. Qf5 Kf8 49. g3 Ne2+ 50. Bxe2 Qxe2 51. Kg2 g4 52. Rb3 Qc4 53. Rfb1 Qa4 54. h6 Qd7 55. Qg6 f5 56. Rb8 fxe4 57. h7 Rxh7 58. Rxe8+ Qxe8 59. Qxh7 Qf7 60. Qxf7+ Kxf7 61. Rb7 1-0

[Event "European Women-ch 2023"]
[Site "Petrovac"]
[Date "2023.03.26"]
[Round "8.13"]
[White "Lehaci, Miruna-Daria"]
[Black "Kulon, Klaudia"]
[Result "0-1"]
[WhiteElo "2202"]
[BlackElo "2290"]
[Annotator "TA"]
[PlyCount "119"]
[EventDate "2023.03.15"]
[EventType "swiss"]
[EventCountry "MNE"]
[SourceTitle "playchess.com"]
[Source "ChessBase"]
[SourceQuality "1"]

1. Nf3 Nf6 2. b3 g6 3. Bb2 Bg7 4. g3 c5 5. c4 O-O 6. Bg2 d6 7. d4 Ne4 8. O-O Nc6 9. e3 f5 10. Qc1 e5 11. dxe5 dxe5 12. Rd1 Qe7 13. Ne1 Be6 14. Nd3 Nb4 15. Nc3 Rad8 16. Nxb4 Nxc3 17. Qxc3 cxb4 18. Qe1 b6 19. Bd5 Bxd5 20. cxd5 Qc5 21. Qd2 Rf7 22. Rac1 Qb5 23. f3 h5 24. Rc4 a5 25. Kg2 Kh7 26. Bc1 e4 27. fxe4 fxe4 28. Bb2 Bxb2 29. Qxb2 Rxd5 30. Rc8 Rg7 31. Rxd5 Qxd5 32. Qf6 Qd2+ 33. Qf2 Rd7 34. Rc2 Qd5 35. Qf4 g5 36. Qf6 Rf7 37. Qxb6 Qf5 38. h3 h4 39. Qd6 Qf3+ 40. Kh2 Qxe3 41. Rg2 hxg3+ 42. Qxg3 Qxg3+ 43. Kxg3 Rf3+ 44. Kg4 Kg6 45. Rc2 Rf4+ 46. Kg3 Kh5 47. Re2 Rf3+ 48. Kg2 Rc3 49. Rxe4 Rc2+ 50. Kg3 Rxa2 51. h4 Ra3 52. hxg5 Rxb3+ 53. Kf4 Rb1 54. Ke5 a4 55. Re2 a3 56. Ra2 Kxg5 57. Kd4 Rb2 58. Ra1 a2 59. Kd3 b3 60. Kd4 0-1